| Tag |
First Indicator |
Second Indicator |
Subfields |
| LEADER |
00000cas a2200000 a 4500 |
| 001 |
in00000019417 |
| 005 |
20151007053616.0 |
| 008 |
880526d19881991enkar |||| 0uuu 0eng d |
| 010 |
|
|
|z 89657326//r92
|z sn 89011777
|
| 022 |
|
|
|a 0954-4941
|
| 035 |
|
|
|a (OCoLC)18003615
|
| 035 |
|
|
|9 AAB2226AM
|
| 040 |
|
|
|a MTE
|c MTE
|d TXA
|d UtOrBLW
|
| 049 |
|
|
|a TXAE
|
| 050 |
|
4 |
|a UG147
|b .J3
|
| 210 |
0 |
|
|a Jane's mil. logist.
|
| 222 |
|
0 |
|a Jane's military logistics
|
| 245 |
0 |
0 |
|a Jane's military logistics.
|
| 264 |
|
1 |
|a London ;
|a New York :
|b Jane's Pub. Co.,
|c 1988-
|
| 264 |
|
4 |
|c ©1990
|
| 300 |
|
|
|a 3 volumes :
|b illustrations ;
|c 33 cm.
|
| 310 |
|
|
|a Annual
|
| 336 |
|
|
|a text
|b txt
|2 rdacontent
|
| 337 |
|
|
|a unmediated
|b n
|2 rdamedia
|
| 338 |
|
|
|a volume
|b nc
|2 rdacarrier
|
| 362 |
0 |
|
|a 9th (1988)-11th ed. (1990-91).
|
| 650 |
|
0 |
|a Vehicles, Military
|x Periodicals.
|
| 650 |
|
0 |
|a Mines (Military explosives)
|x Periodicals.
|
| 650 |
|
0 |
|a Transportation, Military
|x Periodicals.
|
| 650 |
|
0 |
|a Armed Forces
|x Equipment
|x Periodicals.
|
| 780 |
0 |
0 |
|t Jane's military vehicles and ground support equipment
|
| 785 |
0 |
0 |
|t Jane's military vehicles and logistics
|w (DLC) 91642157
|w (OCoLC)23822124
|
| 948 |
|
|
|a t3
|
| 999 |
|
|
|a MARS
|
| 999 |
f |
f |
|s 7e4f5177-c427-3e38-a840-0e77df24b98d
|i 4e0a4c8a-5beb-33f9-b38d-55f9b06c1867
|t 0
|
| 952 |
f |
f |
|p ric
|a Texas A&M University
|b Rellis Campus
|c Joint Library Facility
|d Remote Storage
|t 0
|e UG147 .J3
|h Library of Congress classification
|i unmediated -- volume
|k 10th ed.
|l 1989
|m A14812313319
|
| 952 |
f |
f |
|p ric
|a Texas A&M University
|b Rellis Campus
|c Joint Library Facility
|d Remote Storage
|t 0
|e UG147 .J3
|h Library of Congress classification
|i unmediated -- volume
|k 9th ed.
|l 1988
|m A14811319841
|
| 952 |
f |
f |
|p ric
|a Texas A&M University
|b Rellis Campus
|c Joint Library Facility
|d Remote Storage
|t 0
|e UG147 .J3
|h Library of Congress classification
|i unmediated -- volume
|k 11th ed.
|l 1990/1991
|m A14812284463
|
| 998 |
f |
f |
|a UG147 .J3
|s 9th-11th ed. (1988-1990/1991)
|t 0
|l Remote Storage
|